Metal contamination of food (Record no. 150745)
[ view plain ]
| 000 -LEADER | |
|---|---|
| fixed length control field | 01283nam a2200337Ia 4500 |
| 082 04 - DEWEY DECIMAL CLASSIFICATION NUMBER | |
| Classification number | 363.19/2 |
| 100 1# - MAIN ENTRY--AUTHOR NAME | |
| Personal name | Reilly, Conor. |
| 245 10 - TITLE STATEMENT | |
| Title | Metal contamination of food |
| 250 ## - EDITION STATEMENT | |
| Edition statement | 3rd ed. |
| 260 ## - PUBLICATION, DISTRIBUTION, ETC. (IMPRINT) | |
| Place of publication | Osney Mead, Oxford ; |
| -- | Malden, MA : |
| Name of publisher | Blackwell Scinece, |
| Year of publication | c2002. |
| 300 ## - PHYSICAL DESCRIPTION | |
| Number of Pages | xviii, 266 p. |
| 650 #0 - SUBJECT ADDED ENTRY--TOPICAL TERM | |
| Topical Term | Food contamination. |
| Topical Term | Food |
| Topical Term | Metals |
| 856 40 - ELECTRONIC LOCATION AND ACCESS | |
| Uniform Resource Identifier | http://site.ebrary.com/lib/rucke/Doc?id=10240514 |
No items available.
